000
00293nam a2200121Ia 4500
008
190216s9999||||xx |||||||||||||| ||und||
100
_a
B.R.Darmendra
245
0
_a
Hindi-Bharath Kedurghars Krantigari
260
_b
Kavitha Book Centre
_c
2010
300
_a
144
650
_a
Hindi
942
_c
BK
999
_c
16844
_d
16844